| 000 | 00432nam a2200169Ia 4500 | ||
|---|---|---|---|
| 003 | GCL | ||
| 008 | 140319s9999 xx 000 0 ara d | ||
| 040 |
_aGCL / _cGCL |
||
| 082 | 0 | 4 |
_a809.91 _bم ا |
| 100 | 1 | _aمحمد مندور | |
| 245 | 1 | 0 |
_aالادب ومذاهبه / _cمحمد مندور |
| 300 | _a194 ص | ||
| 490 |
_aكتاب _v0 |
||
| 650 | 0 | 4 | _aالمذاهب الادبية |
| 650 | 0 | 4 | _aالادب |
| 942 |
_2ddc _cBK |
||
| 999 |
_c42584 _d42584 |
||